[Event "Michigan Open"]
[Site "East Lansing"]
[Date "1991.09.01"]
[Round "5"]
[White "Leighton, George"]
[Black "Tobias, Philip"]
[Result "1-0"]
[WhiteElo "1878"]
[BlackElo "1432"]
[PlyCount "120"]
[EventDate "1991.08.30"]

1. d4 d5 2. e3 Bf5 3. c4 c6 4. Nc3 Nf6 5. f4 Nbd7 6. Nf3 e6 7. a3 Bg4 8. h3
Bxf3 9. Qxf3 Be7 10. c5 b6 11. b4 bxc5 12. bxc5 Rb8 13. Bd3 Qa5 14. Bd2 Qc7 15.
Ra2 O-O 16. O-O Rb7 17. g4 g6 18. Nd1 Ne4 19. Bxe4 dxe4 20. Qxe4 f5 21. Qxe6+
Rf7 22. gxf5 gxf5 23. Bc1 Kf8 24. Rg2 Ke8 25. Kh1 Rf6 26. Qg8+ Nf8 27. Rfg1 Kd7
28. Qc4 Rh6 29. Kh2 Ng6 30. d5 Bf8 31. d6 Qd8 32. Qf7+ Kc8 33. Qxf5+ Kb8 34.
Qg5 Qc8 35. Nf2 Nh4 36. Rg3 Nf5 37. d7 Qxd7 38. Rd1 Qe6 39. Qd8+ Qc8 40. Rg8
Rf7 41. Rd3 Ne7 42. Rxf8 Rxf8 43. Qxe7 Re8 44. Qd7 Rh5 45. Qxc8+ Kxc8 46. Rc3
Re7 47. e4 Rb7 48. f5 Rb1 49. Kg3 Rb7 50. Kg4 Rxf5 51. exf5 Rf7 52. Kg5 Kd8 53.
f6 Ke8 54. Kf5 Rd7 55. Ke6 h5 56. Rg3 Rf7 57. Rg8+ Rf8 58. f7+ Kd8 59. Rxf8+
Kc7 60. Ra8 h4 1-0

[Event "Michigan Open"]
[Site "East Lansing"]
[Date "1991.09.01"]
[Round "4"]
[White "Lehotzky, Attila"]
[Black "Jarosz, Stan"]
[Result "1-0"]
[WhiteElo "2084"]
[BlackElo "2031"]
[PlyCount "93"]
[EventDate "1991.08.30"]

1. d4 d5 2. Nf3 Nf6 3. Bf4 c5 4. e3 cxd4 5. Nxd4 Nc6 6. Nxc6 bxc6 7. Be2 Qb6 8.
Qc1 Ba6 9. c4 Qa5+ 10. Qd2 Qxd2+ 11. Nxd2 Nd7 12. cxd5 Bxe2 13. dxc6 Bb5 14.
cxd7+ Bxd7 15. O-O f6 16. Bc7 e5 17. Ba5 Rb8 18. b3 Be7 19. Rfc1 Rb7 20. Rc2
O-O 21. Rac1 Ba3 22. Rd1 Rc8 23. Rxc8+ Bxc8 24. Nc4 Be7 25. Bd8 Bf8 26. h3 Rd7
27. Rxd7 Bxd7 28. Bc7 Kf7 29. Bd6 Bxd6 30. Nxd6+ Ke6 31. Ne4 Kd5 32. f3 Bf5 33.
Nd2 Kc5 34. a3 Bd3 35. Kf2 f5 36. g3 g5 37. g4 f4 38. Ne4+ Kd5 39. Nxg5 Bc2 40.
e4+ Kd4 41. Nxh7 Bxb3 42. h4 Bg8 43. Nf6 Bf7 44. h5 a5 45. g5 a4 46. g6 Be6 47.
h6 1-0

[Event "Michigan Open"]
[Site "East Lansing"]
[Date "1991.09.01"]
[Round "5"]
[White "Laren, Philip"]
[Black "Hankinson, Chris"]
[Result "1-0"]
[WhiteElo "2224"]
[BlackElo "2108"]
[PlyCount "69"]
[EventDate "1991.08.30"]

1. d4 Nf6 2. c4 e5 3. dxe5 Ng4 4. Bf4 Nc6 5. Nf3 Bb4+ 6. Nc3 Qe7 7. Qd5 Bxc3+
8. bxc3 f6 9. exf6 Nxf6 10. Qd3 d6 11. g3 Bg4 12. Bg2 Ne4 13. O-O Nc5 14. Qe3
Na5 15. Qxe7+ Kxe7 16. Nd2 Be6 17. Be3 Nd7 18. Rab1 c6 19. Bd4 Nf6 20. c5 d5
21. c4 Rab8 22. Be5 Nxc4 23. Nxc4 dxc4 24. Bxb8 Rxb8 25. Bxc6 Bd5 26. Bxd5 Nxd5
27. Rbc1 b5 28. cxb6 Nxb6 29. Rfd1 Ke6 30. Rd4 Rc8 31. Kf1 Ke5 32. e3 c3 33.
f4+ Kf5 34. e4+ Ke6 35. Ke2 1-0

[Event "Michigan Open"]
[Site "East Lansing"]
[Date "1991.09.01"]
[Round "5"]
[White "Lang, Brad"]
[Black "Sobocinski, Mike"]
[Result "1/2-1/2"]
[WhiteElo "1779"]
[BlackElo "1914"]
[PlyCount "42"]
[EventDate "1991.08.30"]

1. e4 c6 2. d4 d5 3. exd5 cxd5 4. Nf3 Nf6 5. Be2 e6 6. Bf4 Nbd7 7. Nbd2 Be7 8.
O-O O-O 9. Bd3 b6 10. c3 Bb7 11. Re1 Nh5 12. Be3 Nhf6 13. Bf4 Nh5 14. Be3 g6
15. Be2 Ng7 16. Bf4 Nh5 17. Be3 Bd6 18. Nf1 Nf4 19. Bb5 Nh5 20. Bg5 f6 21. Rxe6
Qc7 1/2-1/2

[Event "Michigan Open"]
[Site "East Lansing"]
[Date "1991.09.01"]
[Round "5"]
[White "LaMar, Frank"]
[Black "Andrews, Steve"]
[Result "0-1"]
[WhiteElo "2012"]
[BlackElo "2272"]
[PlyCount "60"]
[EventDate "1991.08.30"]

1. e4 Nf6 2. e5 Nd5 3. d4 d6 4. c4 Nb6 5. exd6 cxd6 6. Nf3 g6 7. h3 Bg7 8. Bd2
O-O 9. Bc3 d5 10. c5 N6d7 11. Bb5 Nc6 12. O-O e5 13. Bxc6 bxc6 14. Qa4 e4 15.
Nh2 Qf6 16. Ng4 Qe6 17. Na3 f5 18. Nh2 Nf6 19. Nc2 Bd7 20. Bd2 Nh5 21. Rfe1 f4
22. b4 f3 23. g4 Nf4 24. Bxf4 Rxf4 25. Rad1 Qf6 26. Qa6 h5 27. Ne3 Qh4 28. Qf1
hxg4 29. b5 g3 30. Nhg4 Bxg4 0-1

[Event "Michigan Open"]
[Site "East Lansing"]
[Date "1991.09.01"]
[Round "4"]
[White "Kung, Fred"]
[Black "Leighton, George"]
[Result "0-1"]
[WhiteElo "1842"]
[BlackElo "1878"]
[PlyCount "102"]
[EventDate "1991.08.30"]

1. e4 e6 2. d4 d5 3. Nc3 Bb4 4. e5 c5 5. a3 cxd4 6. Qxd4 Nc6 7. Qg4 Bxc3+ 8.
bxc3 Nxe5 9. Qxg7 Ng6 10. Qd4 e5 11. Bb5+ Kf8 12. Qc5+ Kg7 13. Nf3 Be6 14. Qe3
f6 15. Bd3 Qc8 16. Bxg6 hxg6 17. Bb2 Ne7 18. O-O Qc7 19. c4 Nf5 20. Qe2 d4 21.
Rfe1 Bxc4 22. Qe4 Rad8 23. Nxe5 fxe5 24. Qxe5+ Qxe5 25. Rxe5 Rhe8 26. Rae1 Rxe5
27. Rxe5 Kf7 28. g4 Ne7 29. f4 Nc6 30. Re4 Bd5 31. Re1 Rh8 32. c3 Rh4 33. cxd4
Rxg4+ 34. Kf1 Rxf4+ 35. Kg1 Rg4+ 36. Kf1 Rg2 37. Re2 Rxe2 38. Kxe2 Ke6 39. Ke3
Kf5 40. Bc3 a5 41. Be1 Kg4 42. Bg3 b5 43. Bd6 b4 44. axb4 axb4 45. Kd3 Kf3 46.
Bc5 g5 47. Bd6 g4 48. Bc5 Ba2 49. Bd6 Bb1+ 50. Kc4 Ke4 51. d5 Ba2+ 0-1

[Event "Michigan Open"]
[Site "East Lansing"]
[Date "1991.09.01"]
[Round "5"]
[White "Kulbacki, James"]
[Black "Mitchell, Richard"]
[Result "1-0"]
[WhiteElo "2044"]
[BlackElo "1950"]
[PlyCount "59"]
[EventDate "1991.08.30"]

1. d4 f5 2. e4 fxe4 3. Nc3 Nf6 4. f3 e3 5. Bxe3 d5 6. Bd3 Nc6 7. Nge2 e5 8. O-O
Bd6 9. Nb5 O-O 10. Nxd6 Qxd6 11. c3 Be6 12. Qe1 e4 13. fxe4 dxe4 14. Bf4 Qd7
15. Bc2 Rae8 16. Bg5 Bc4 17. b3 Bd3 18. Qd2 Qg4 19. Bxd3 exd3 20. Ng3 Nh5 21.
Rxf8+ Rxf8 22. Nxh5 Nxd4 23. Ng3 Nf3+ 24. gxf3 Rxf3 25. Kg2 Rf5 26. Be3 Qf3+
27. Kg1 Re5 28. Bd4 Rd5 29. Rf1 Qg4 30. Qxd3 1-0

[Event "Michigan Open"]
[Site "East Lansing"]
[Date "1991.09.01"]
[Round "5"]
[White "Knecht, Mark"]
[Black "Baze, Lineas"]
[Result "0-1"]
[WhiteElo "2160"]
[BlackElo "2039"]
[PlyCount "78"]
[EventDate "1991.08.30"]

1. c4 Nf6 2. g3 g6 3. Bg2 Bg7 4. Nc3 O-O 5. e3 c5 6. Nge2 Nc6 7. O-O d6 8. d4
cxd4 9. Nxd4 Bd7 10. b3 Rb8 11. Bb2 a6 12. Qd2 Nxd4 13. exd4 b5 14. cxb5 axb5
15. a4 bxa4 16. bxa4 Qa5 17. Rfd1 Rfc8 18. Nd5 Qxd2 19. Rxd2 Nxd5 20. Bxd5 Rxb2
21. Rxb2 Bxd4 22. Rb7 Bxa1 23. Rxd7 e6 24. Bb7 Rc1+ 25. Kg2 d5 26. a5 Bd4 27.
a6 Rc2 28. Ba8 Rxf2+ 29. Kh3 Ra2 30. Bb7 Bg1 31. Kg4 Rxh2 32. Bc8 Ra2 33. Kg5
Bd4 34. g4 Rf2 35. Kh4 Ra2 36. Kg5 h6+ 37. Kf4 Kf8 38. Rc7 Ra3 39. g5 h5 0-1

[Event "Michigan Open"]
[Site "East Lansing"]
[Date "1991.09.01"]
[Round "5"]
[White "Kitts, Gary"]
[Black "Czuhai, Kevin"]
[Result "1-0"]
[WhiteElo "2064"]
[BlackElo "2237"]
[PlyCount "121"]
[EventDate "1991.08.30"]

1. e4 c5 2. Nf3 d6 3. Bd3 g6 4. c3 Bg7 5. Bc2 Nf6 6. O-O Nc6 7. h3 O-O 8. d4
cxd4 9. cxd4 d5 10. e5 Ne4 11. Re1 Qb6 12. Nc3 Nxc3 13. bxc3 Be6 14. Bg5 Rfe8
15. Qc1 Rac8 16. Qa3 Bf8 17. Rab1 Qa5 18. Qb2 b6 19. Bd3 Bd7 20. Bd2 e6 21. a4
Nb8 22. Bb5 Rc4 23. Bxc4 dxc4 24. Ng5 Bc6 25. Qc2 Qxa4 26. Qxa4 Bxa4 27. Ra1 b5
28. Ne4 Nd7 29. f4 Rb8 30. Kf2 Be7 31. Kf3 Nb6 32. Reb1 Rc8 33. Rb2 Kg7 34. g4
Rd8 35. f5 exf5 36. gxf5 gxf5 37. Rg1+ Kf8 38. Nf6 Bxf6 39. exf6 Nd5 40. Be1
Nxf6 41. Bh4 Rd6 42. Rbg2 a5 43. Bxf6 Rxf6 44. Rg8+ Ke7 45. Ra8 Rb6 46. Rxa5
Bc2 47. Rga1 b4 48. cxb4 Rxb4 49. Ra7+ Kf6 50. Kf4 c3 51. R7a6+ Kg7 52. Rg1+
Kf8 53. Ke5 Be4 54. Kf6 Rxd4 55. Rb6 Rd8 56. Rg7 c2 57. Rxf7+ Kg8 58. Rg7+ Kh8
59. Rc7 Bd3 60. Rbc6 f4 61. Rc8 1-0

[Event "Michigan Open"]
[Site "East Lansing"]
[Date "1991.09.01"]
[Round "5"]
[White "June, Brian"]
[Black "Braak, Dairen"]
[Result "0-1"]
[WhiteElo "1810"]
[BlackElo "1904"]
[PlyCount "55"]
[EventDate "1991.08.30"]

1. d4 Nf6 2. Nf3 e6 3. e3 d5 4. Bd3 Be7 5. Nbd2 O-O 6. O-O Nbd7 7. Qe2 c5 8. c3
Qc7 9. e4 dxe4 10. Nxe4 Nxe4 11. Qxe4 Nf6 12. Qh4 g6 13. Bf4 Qd8 14. Be5 Nh5
15. Qg4 cxd4 16. cxd4 f5 17. Qh3 Bd6 18. g4 Nf4 19. Bxf4 Bxf4 20. gxf5 gxf5 21.
Bc4 Rf6 22. Qh4 Rg6+ 23. Kh1 Qc7 24. Ne5 Bxe5 25. dxe5 Rg4 26. Qxg4+ fxg4 27.
Rac1 Qxe5 28. Rcd1 0-1

[Event "Michigan Open"]
[Site "East Lansing"]
[Date "1991.09.01"]
[Round "5"]
[White "Johnson, Kirk"]
[Black "Arganian, David H"]
[Result "1-0"]
[WhiteElo "1789"]
[BlackElo "1892"]
[PlyCount "107"]
[EventDate "1991.08.30"]

1. c4 c5 2. Nc3 Nc6 3. g3 g6 4. Bg2 Bg7 5. e4 e6 6. Nge2 Nge7 7. O-O O-O 8. d3
d5 9. exd5 exd5 10. Nxd5 Nxd5 11. cxd5 Nb4 12. Qb3 Re8 13. Be3 Bf5 14. Rfd1 Rc8
15. Rac1 Qd7 16. Rd2 b6 17. a3 Na6 18. Nc3 Bxd3 19. Rcd1 c4 20. Qb5 Nb8 21.
Qxd7 Nxd7 22. Nb5 Bf8 23. Nxa7 Ra8 24. Nb5 Ra4 25. d6 Rd8 26. Bc6 Ra5 27. Bg5
f6 28. Be3 Rxb5 29. Bxb5 Ne5 30. Bf4 Bxd6 31. Bxe5 Bxe5 32. Bxc4+ Bxc4 33.
Rxd8+ Kf7 34. R8d7+ Ke6 35. Rxh7 Bxb2 36. Rb1 Bd4 37. Rb4 b5 38. Rb7 Kd6 39.
R7xb5 Bxb5 40. Rxb5 Kc6 41. a4 g5 42. g4 Be5 43. h3 Bf4 44. f3 Be3+ 45. Kf1 Bd4
46. Ke2 Ba1 47. Kd3 Be5 48. Ke4 Bc3 49. Kf5 Bd4 50. Rb3 Kd6 51. a5 Kc6 52. a6
Kc7 53. Rb7+ Kc8 54. Rf7 1-0

[Event "Michigan Open"]
[Site "East Lansing"]
[Date "1991.09.01"]
[Round "4"]
[White "Householder, James"]
[Black "Thurman, John"]
[Result "1-0"]
[WhiteElo "1416"]
[BlackElo "1844"]
[PlyCount "35"]
[EventDate "1991.08.30"]

1. e4 c5 2. Nc3 Nc6 3. d3 g6 4. g3 Bg7 5. Bg2 d6 6. Nge2 f5 7. Be3 Nf6 8. exf5
Bxf5 9. Qd2 Qd7 10. Nf4 Ne5 11. h3 h5 12. O-O-O O-O-O 13. Ncd5 Nxd5 14. Nxd5
Nf7 15. Qa5 Kb8 16. b4 b6 17. Nxb6 axb6 18. Qa8+ 1-0

[Event "Michigan Open"]
[Site "East Lansing"]
[Date "1991.09.01"]
[Round "4"]
[White "Hermelyn, Edmund"]
[Black "Sherbel, Steve"]
[Result "1/2-1/2"]
[WhiteElo "2182"]
[BlackElo "2003"]
[PlyCount "62"]
[EventDate "1991.08.30"]

1. Nf3 d5 2. g3 c5 3. Bg2 Nc6 4. O-O e5 5. d3 f6 6. Nbd2 Be6 7. e4 d4 8. Nh4
Qd7 9. f4 exf4 10. gxf4 Nge7 11. Qh5+ g6 12. Nxg6 Nxg6 13. f5 Bf7 14. fxg6 Bxg6
15. Qf3 Be7 16. Nc4 Ne5 17. Nxe5 fxe5 18. Bh3 Qd6 19. Bd2 Rg8 20. Kh1 Kd8 21.
Bg4 Kc7 22. Qh3 Raf8 23. Be6 Rxf1+ 24. Rxf1 Rf8 25. Rxf8 Bxf8 26. Bf5 Be7 27.
Kg2 Qf6 28. Bxg6 Qxg6+ 29. Qg3 Qh5 30. Qf3 Qg6+ 31. Qg3 Qh5 1/2-1/2

[Event "Michigan Open"]
[Site "East Lansing"]
[Date "1991.09.01"]
[Round "4"]
[White "Hankinson, Chris"]
[Black "Brady, Lindell"]
[Result "1-0"]
[WhiteElo "2108"]
[BlackElo "1957"]
[PlyCount "121"]
[EventDate "1991.08.30"]

1. Nc3 Nf6 2. e4 e5 3. f4 d6 4. Nf3 Nc6 5. Bc4 Be7 6. d3 O-O 7. f5 Na5 8. h3
Nxc4 9. dxc4 Nh5 10. O-O Nf6 11. Qe2 b6 12. g4 h6 13. g5 hxg5 14. Bxg5 Nh7 15.
Bxe7 Qxe7 16. Nd5 Qd8 17. Rad1 Bb7 18. Kh2 Bxd5 19. cxd5 Qf6 20. Rd3 Qh6 21.
Rg1 Nf6 22. Ng5 Nh5 23. Qg4 Nf6 24. Qg2 Nh5 25. Rf3 Rac8 26. h4 a5 27. a4 Nf4
28. Qg4 Nh5 29. Nh3 Nf6 30. Qg2 Nh5 31. Qg5 Kh7 32. Nf2 Nf6 33. Rh3 c6 34. dxc6
Rxc6 35. c3 Rc4 36. b3 Rc6 37. c4 Rg8 38. Ng4 Nxg4+ 39. Rxg4 f6 40. Qg6+ Qxg6
41. Rxg6 Rh8 42. h5 Kg8 43. h6 Rc7 44. Rhg3 Rf7 45. Rxg7+ Kf8 46. Rxf7+ Kxf7
47. Rg7+ Kf8 48. Rg6 Kf7 49. Rg7+ Kf8 50. Rd7 Rxh6+ 51. Kg3 Rh1 52. Rxd6 Ke7
53. Re6+ Kf7 54. Rxb6 Re1 55. Rb7+ Ke8 56. Kf3 Rc1 57. Kg4 Re1 58. Kh5 Rxe4 59.
Kg6 Rd4 60. Kxf6 e4 61. Ke6 1-0

[Event "Michigan Open"]
[Site "East Lansing"]
[Date "1991.09.01"]
[Round "4"]
[White "Hahn, David"]
[Black "Chehayeb, Sal"]
[Result "1/2-1/2"]
[WhiteElo "2272"]
[BlackElo "2096"]
[PlyCount "96"]
[EventDate "1991.08.30"]

1. c4 e5 2. Nc3 Nf6 3. Nf3 Nc6 4. d3 Bc5 5. e3 d6 6. Be2 O-O 7. O-O h6 8. a3 a5
9. d4 Ba7 10. d5 Ne7 11. b4 axb4 12. axb4 Bd7 13. Ba3 Nf5 14. Ra2 Ng4 15. c5
Nfxe3 16. fxe3 Nxe3 17. Qd2 Nxf1 18. Bxf1 f5 19. Kh1 g5 20. Bc4 Kh7 21. g3 Qe8
22. Qe2 Qg6 23. Bb3 Qf6 24. Bb2 f4 25. Ne4 Qe7 26. Bc2 Kg8 27. Qc4 fxg3 28.
Nfd2 gxh2 29. Ra1 g4 30. Qd3 Bf5 31. Rf1 Bxe4+ 32. Qxe4 Rxf1+ 33. Nxf1 Qg7 34.
Ng3 Rf8 35. Nf5 g3 36. Bc1 g2+ 37. Qxg2 Qxg2+ 38. Kxg2 dxc5 39. Bxh6 Rxf5 40.
Bxf5 cxb4 41. Kxh2 Bc5 42. Kg3 Kf7 43. Bg5 c6 44. Be6+ Kg6 45. Kg4 cxd5 46.
Bxd5 e4 47. Bxe4+ Kg7 48. Bxb7 Bd4 1/2-1/2

[Event "Michigan Open"]
[Site "East Lansing"]
[Date "1991.09.01"]
[Round "5"]
[White "Grossman, Jay"]
[Black "Golonka, Stan"]
[Result "0-1"]
[WhiteElo "1820"]
[BlackElo "2046"]
[PlyCount "102"]
[EventDate "1991.08.30"]

1. e4 c5 2. Nf3 Nc6 3. d4 cxd4 4. Nxd4 e5 5. Nb5 a6 6. Nd6+ Bxd6 7. Qxd6 Qf6 8.
Qd1 Qg6 9. Nc3 Nge7 10. h4 h5 11. Bg5 d5 12. exd5 Nb4 13. d6 Nec6 14. Nd5 Qe4+
15. Ne3 f6 16. c3 fxg5 17. cxb4 Qxb4+ 18. Qd2 Qxd2+ 19. Kxd2 g4 20. Nd5 Rb8 21.
Nb6 Rf8 22. Ke3 Bd7 23. Rd1 Rf6 24. Be2 Nd4 25. f3 Bc6 26. Rhf1 Nxe2 27. Kxe2
Bb5+ 28. Ke3 Bxf1 29. Rxf1 gxf3 30. gxf3 Rxd6 31. Nc4 Rd4 32. Nxe5 Rxh4 33. Rg1
Rh2 34. Rxg7 Kf8 35. Rh7 Kg8 36. Rh6 Rxb2 37. Rxh5 Rxa2 38. Rg5+ Kh7 39. Rh5+
Kg7 40. Rg5+ Kf6 41. f4 Re8 42. Rg6+ Kf5 43. Rg5+ Ke6 44. Rg6+ Kd5 45. Rb6 Ra3+
46. Kd2 Re7 47. Nd3 Ke4 48. Nc5+ Kf3 49. Rxb7 Re2+ 50. Kc1 Ra1+ 51. Rb1 Re1+
0-1

[Event "Michigan Open"]
[Site "East Lansing"]
[Date "1991.09.01"]
[Round "4"]
[White "Golonka, Stan"]
[Black "Laren, Philip"]
[Result "0-1"]
[WhiteElo "2046"]
[BlackElo "2224"]
[PlyCount "64"]
[EventDate "1991.08.30"]

1. c4 e6 2. g3 d5 3. Bg2 c5 4. b3 d4 5. Nf3 Nc6 6. O-O Nh6 7. d3 Nf5 8. Nbd2
Qc7 9. Ne4 h5 10. a3 a5 11. Bb2 e5 12. Re1 Be7 13. e3 dxe3 14. fxe3 h4 15. d4
hxg3 16. hxg3 f6 17. d5 Nd8 18. Qd3 Nf7 19. Rad1 Bd6 20. Bc1 Bd7 21. Kf2 O-O-O
22. b4 axb4 23. axb4 cxb4 24. c5 Bxc5 25. Nxc5 Qxc5 26. Re2 Kb8 27. Rc2 Qb5 28.
Qb3 N7d6 29. Bd2 Ne4+ 30. Kg1 Qe2 31. Rf1 Nfxg3 32. Bxb4 Rh1+ 0-1

[Event "Michigan Open"]
[Site "East Lansing"]
[Date "1991.09.01"]
[Round "4"]
[White "Ghiata, Gheorghe"]
[Black "Grossman, Jay"]
[Result "0-1"]
[WhiteElo "1923"]
[BlackElo "1820"]
[PlyCount "76"]
[EventDate "1991.08.30"]

1. d4 Nf6 2. Nf3 e6 3. c4 Bb4+ 4. Nc3 Ne4 5. Qc2 Nxc3 6. bxc3 Be7 7. e4 c5 8.
Bd2 O-O 9. Bd3 b6 10. O-O Ba6 11. Rfe1 Nc6 12. e5 h6 13. d5 Na5 14. d6 Bxc4 15.
dxe7 Qxe7 16. Bxc4 Nxc4 17. Rad1 Na5 18. Qd3 Rfd8 19. Bf4 Nc6 20. Nd2 f6 21.
Nc4 fxe5 22. Bxe5 d5 23. Nb2 Rf8 24. Qg3 Rf5 25. f4 Raf8 26. Qe3 Qh4 27. Bd6
R8f6 28. g3 Rg6 29. Re2 d4 30. cxd4 Nxd4 31. Rg2 Qg4 32. Be5 Nf3+ 33. Kh1 Rh5
34. Qf2 Nxe5 35. fxe5 Rxe5 36. Qf4 Qxf4 37. gxf4 Rxg2 38. Kxg2 Re2+ 0-1

[Event "Michigan Open"]
[Site "East Lansing"]
[Date "1991.09.01"]
[Round "4"]
[White "Gawarecki, Leszek"]
[Black "Norman, Bryan"]
[Result "0-1"]
[WhiteElo "2144"]
[BlackElo "2285"]
[PlyCount "78"]
[EventDate "1991.08.30"]

1. d4 Nf6 2. c4 g6 3. Nc3 Bg7 4. e4 d6 5. Be2 O-O 6. Nf3 e5 7. d5 a5 8. Bg5 h6
9. Bh4 Na6 10. Nd2 Bd7 11. O-O Qe8 12. b3 Nh7 13. Rb1 f5 14. f3 f4 15. a3 g5
16. Bf2 h5 17. b4 axb4 18. axb4 b6 19. c5 bxc5 20. Bxa6 Rxa6 21. bxc5 g4 22.
Qe2 Bc8 23. Rb8 Bh6 24. Nb5 Ra2 25. Nxc7 Qg6 26. Bh4 gxf3 27. Qf2 fxg2 28. Rfb1
f3 29. R8b2 Rxb2 30. Rxb2 Bxd2 31. Rxd2 Qxe4 32. Rd1 Rf4 33. Be7 dxc5 34. Ne6
Bxe6 35. dxe6 Qe2 36. Qg3+ Rg4 37. Rd8+ Kg7 38. Qf2 Qxf2+ 39. Kxf2 g1=Q+ 0-1

[Event "Michigan Open"]
[Site "East Lansing"]
[Date "1991.09.01"]
[Round "5"]
[White "Gawarecka, Edyta"]
[Black "Hahn, David"]
[Result "1/2-1/2"]
[WhiteElo "2015"]
[BlackElo "2272"]
[PlyCount "43"]
[EventDate "1991.08.30"]

1. e4 g6 2. d4 Bg7 3. Nc3 d6 4. g3 Nf6 5. Bg2 O-O 6. Nge2 e5 7. h3 Nc6 8. Be3
Bd7 9. O-O a6 10. a4 exd4 11. Nxd4 Nxd4 12. Bxd4 c5 13. Be3 Bc6 14. Qd3 Re8 15.
Rad1 Qb6 16. b3 Rad8 17. Rfe1 Qa5 18. Bd2 Qc7 19. Bf4 Qa5 20. Bd2 Qc7 21. Bf4
Qa5 22. Bd2 1/2-1/2

[Event "Michigan Open"]
[Site "East Lansing"]
[Date "1991.09.01"]
[Round "5"]
[White "Garrison, Ray"]
[Black "Conley, Steve"]
[Result "1/2-1/2"]
[WhiteElo "1844"]
[BlackElo "1992"]
[PlyCount "128"]
[EventDate "1991.08.30"]

1. f4 d5 2. Nf3 g6 3. g3 Bg7 4. Bg2 c6 5. Nc3 Nd7 6. O-O Ngf6 7. d3 Ng4 8. h3
Qb6+ 9. d4 Nh6 10. e4 dxe4 11. Nxe4 Nf5 12. c3 O-O 13. g4 Nd6 14. Nxd6 exd6 15.
Ng5 Nf6 16. f5 d5 17. Qe1 gxf5 18. gxf5 h6 19. Nf3 Re8 20. Qg3 Bxf5 21. Bxh6
Nh5 22. Qg5 Bg6 23. Bxg7 Nxg7 24. Ne5 Qd8 25. Rf6 Nh5 26. Rxg6+ fxg6 27. Qxg6+
Ng7 28. Qf7+ Kh8 29. Rf1 Qc8 30. Rf6 Re6 31. Ng6+ Kh7 32. Rxe6 Qxe6 33. Nf8+
Rxf8 34. Qxf8 Qe3+ 35. Qf2 Qg5 36. Qc2+ Nf5 37. Kh1 Kh6 38. Kg1 Qe3+ 39. Qf2
Qg5 40. Kf1 Ne3+ 41. Kg1 Nf5 42. Qf3 Kg6 43. Qg4 Qxg4 44. hxg4 Ne3 45. Bf3 Kg5
46. Kf2 Nxg4+ 47. Kg3 Ne3 48. Be2 a5 49. Kf3 Nf5 50. Bd3 Nd6 51. Ke3 b5 52. Kd2
Kf4 53. Kc2 Ke3 54. Bf1 Kf4 55. Kb3 Kg3 56. a4 Kg4 57. axb5 cxb5 58. Bg2 Ne4
59. Ka3 Kg3 60. Bf1 Nd6 61. Bxb5 Nxb5+ 62. Ka4 Nd6 63. b3 Nb7 64. c4 Kf4
1/2-1/2

[Event "Michigan Open"]
[Site "East Lansing"]
[Date "1991.09.01"]
[Round "5"]
[White "Gabbara, Faris"]
[Black "Householder, James"]
[Result "1-0"]
[WhiteElo "2142"]
[BlackElo "1416"]
[PlyCount "87"]
[EventDate "1991.08.30"]

1. e4 c6 2. d4 d5 3. exd5 cxd5 4. Bd3 Nf6 5. c3 e6 6. Nf3 Be7 7. Bf4 Nbd7 8.
O-O a6 9. a4 O-O 10. Re1 Re8 11. Qc2 g6 12. Nbd2 Bf8 13. Ne5 Bg7 14. Ndf3 Nxe5
15. Nxe5 Nh5 16. Be3 Qc7 17. g4 Bxe5 18. dxe5 Ng7 19. Bg5 Bd7 20. Bf6 Rec8 21.
Qd2 Qc5 22. Qg5 Bc6 23. Be7 h6 24. Qf6 Qb6 25. Re3 d4 26. Rh3 Re8 27. Rxh6 Rxe7
28. Qxe7 Qd8 29. Qxd8+ Rxd8 30. c4 Ne8 31. b4 Nc7 32. b5 axb5 33. axb5 Bf3 34.
h3 Kg7 35. Rh4 b6 36. Ra7 Na8 37. g5 Kg8 38. Rf4 Bd1 39. Rfxf7 Bb3 40. Rg7+ Kf8
41. Rxg6 Rc8 42. Rag7 Rxc4 43. Rg8+ Kf7 44. R6g7# 1-0

[Event "Michigan Open"]
[Site "East Lansing"]
[Date "1991.09.01"]
[Round "5"]
[White "Fuller, William"]
[Black "O'Donnell, Robert"]
[Result "0-1"]
[WhiteElo "2118"]
[BlackElo "2299"]
[PlyCount "96"]
[EventDate "1991.08.30"]

1. e4 c5 2. Nf3 d6 3. g3 g6 4. Bg2 Bg7 5. d3 Nc6 6. O-O e6 7. Re1 Nge7 8. c3
O-O 9. Be3 b5 10. d4 cxd4 11. cxd4 d5 12. e5 a5 13. Na3 Qb6 14. Rc1 b4 15. Nc4
dxc4 16. d5 Qb5 17. dxc6 Nxc6 18. Nd4 Nxd4 19. Qxd4 Bb7 20. Bxb7 Qxb7 21. Bg5
c3 22. bxc3 b3 23. axb3 Qxb3 24. c4 a4 25. Qf4 Rfc8 26. Bf6 Bf8 27. Re3 Qb2 28.
Ree1 a3 29. Rb1 Qc2 30. Rec1 Qf5 31. Qd2 Rc7 32. c5 Rxc5 33. Ra1 Rxc1+ 34. Qxc1
Qf3 35. Qc7 Qb3 36. Bg5 Qb2 37. Qc1 Qxc1+ 38. Bxc1 a2 39. Bb2 g5 40. g4 Kg7 41.
Kf1 Kg6 42. Ke2 Bg7 43. f4 gxf4 44. h4 f6 45. h5+ Kg5 46. h6 Bh8 47. Kf3 fxe5
48. Kg2 Kxg4 0-1

[Event "Michigan Open"]
[Site "East Lansing"]
[Date "1991.09.01"]
[Round "4"]
[White "Frawley, Ed"]
[Black "Garrison, Ray"]
[Result "1/2-1/2"]
[WhiteElo "1828"]
[BlackElo "1844"]
[PlyCount "58"]
[EventDate "1991.08.30"]

1. e4 c6 2. d4 d5 3. Nc3 dxe4 4. Nxe4 Bf5 5. Ng3 Bg6 6. Nf3 Nd7 7. Bd3 Bxd3 8.
Qxd3 Ngf6 9. Bf4 e6 10. O-O Be7 11. c4 Nc5 12. Qe2 Na6 13. a3 O-O 14. b4 Nc7
15. Rfe1 a5 16. Qe5 Nce8 17. Nf5 axb4 18. Nxe7+ Qxe7 19. axb4 Rxa1 20. Rxa1
Qxb4 21. c5 Ng4 22. Qe1 Qxe1+ 23. Rxe1 g6 24. Rb1 Ng7 25. Rxb7 Nh5 26. Be3 Ra8
27. Kf1 Ra1+ 28. Ke2 Ra2+ 29. Kf1 Ra1+ 1/2-1/2

[Event "Michigan Open"]
[Site "East Lansing"]
[Date "1991.09.01"]
[Round "4"]
[White "Ford, William"]
[Black "Johnson, Kirk"]
[Result "1-0"]
[WhiteElo "1878"]
[BlackElo "1789"]
[PlyCount "68"]
[EventDate "1991.08.30"]

1. d4 b5 2. Nf3 Bb7 3. e3 a6 4. c4 e6 5. cxb5 c5 6. bxc6 Nxc6 7. Nc3 Nf6 8. a3
Qa5 9. Bd3 Nb4 10. Be2 Nbd5 11. Bd2 Qb6 12. Na4 Qa7 13. O-O Bd6 14. Bd3 Nb6 15.
Nc3 Nbd5 16. Na4 Nb6 17. Nc5 Rc8 18. b4 Be7 19. Qe2 Ra8 20. e4 d6 21. Nxb7 Qxb7
22. Rfc1 O-O 23. Rc2 Rfc8 24. Rxc8+ Nxc8 25. Rc1 d5 26. e5 Ne8 27. Be1 Nb6 28.
Nd2 a5 29. Bb5 Nc4 30. Bxe8 axb4 31. Bxf7+ Kxf7 32. axb4 Ra2 33. Qf3+ Ke8 34.
Nxc4 dxc4 1-0

[Event "Michigan Open"]
[Site "East Lansing"]
[Date "1991.09.01"]
[Round "4"]
[White "Finegold, Ron"]
[Black "Yaure, Chris"]
[Result "1-0"]
[WhiteElo "2166"]
[BlackElo "1971"]
[PlyCount "73"]
[EventDate "1991.08.30"]

1. Nf3 Nf6 2. c4 g6 3. Nc3 Bg7 4. e4 d6 5. Be2 O-O 6. O-O c5 7. h3 Nc6 8. d3
Nd7 9. Be3 h6 10. d4 cxd4 11. Nxd4 Nxd4 12. Bxd4 Bxd4 13. Qxd4 b6 14. f4 Bb7
15. Rad1 Qc7 16. e5 Rad8 17. exd6 exd6 18. Qxd6 Qc8 19. f5 Nc5 20. Qf4 Rxd1 21.
Bxd1 g5 22. Qd6 f6 23. Nd5 Kg7 24. Re1 Qxf5 25. Re7+ Rf7 26. Bc2 Qe5 27. Rxe5
fxe5 28. Bg6 Bxd5 29. Bxf7 Bxf7 30. Qxe5+ Kg6 31. b4 Nd7 32. Qd6+ Nf6 33. c5
bxc5 34. bxc5 Bxa2 35. c6 Kf7 36. c7 Be6 37. Qxe6+ 1-0

[Event "Michigan Open"]
[Site "East Lansing"]
[Date "1991.09.01"]
[Round "4"]
[White "Czuhai, Kevin"]
[Black "LaMar, Frank"]
[Result "1/2-1/2"]
[WhiteElo "2237"]
[BlackElo "2012"]
[PlyCount "83"]
[EventDate "1991.08.30"]

1. e4 c5 2. Nf3 d6 3. Bb5+ Bd7 4. Bxd7+ Nxd7 5. d4 cxd4 6. Qxd4 Ngf6 7. O-O g6
8. Nc3 Bg7 9. Bg5 O-O 10. e5 dxe5 11. Nxe5 Qb6 12. Qxb6 Nxb6 13. Rae1 e6 14.
Nb5 Nbd7 15. f4 a6 16. Nd6 b5 17. c3 Nb6 18. b3 Ra7 19. c4 bxc4 20. bxc4 Rc7
21. Rf3 Na4 22. Ra3 Nc5 23. Ra5 h6 24. Bh4 Ne8 25. Nexf7 Nxd6 26. Nxd6 Bc3 27.
Rxc5 Rxc5 28. Rxe6 Bd4+ 29. Kh1 Rxf4 30. g4 g5 31. Bg3 Rf6 32. Re8+ Rf8 33. Re6
Bg7 34. Nf5 Rxc4 35. Rg6 Rxg4 36. Rxg7+ Kh8 37. Be5 Rxf5 38. Rxg5+ Rxe5 39.
Rxe5 Ra4 40. Re2 Kg7 41. Kg2 Ra3 42. Rf2 1/2-1/2